Pokémon ou général antique ? - Statistiques

Statistiques générales
  • Ce quiz a été pris 14 fois
    7 depuis la dernière actualisation
  • Le résultat moyen est 24 sur 33
Statistiques - réponses
Question Réponse % Correct
Nostenfer Pokémon
100%
Goupix Pokémon
100%
Embrylex Pokemon
100%
Caratroc Pokémon
100%
Macronium Pokémon
100%
Carchacrok Pokémon
100%
Gallame Pokémon
100%
Motisma Pokémon
100%
Arceus Pokémon
100%
Victini Pokémon
100%
Persian Pokémon
100%
Scipion Général
86%
Rapion Pokémon
86%
Chartor Pokémon
86%
Vitellius Général
71%
Xerxes Général
71%
Mithridate Général
71%
Germanicus Général
71%
Herculanum Ni l'un ni l'autre
71%
Charcoman Ni l'un ni l'autre
71%
Charkos Pokémon
71%
Othon Général
57%
Nerva Général
57%
Galba Général
57%
Megabyzus Général
57%
Persianicus Ni l'un ni l'autre
57%
Morata Ni l'un ni l'autre
57%
Héliagabale Général
43%
Zopyrus Général
43%
Ceinturion Ni l'un ni l'autre
43%
Megabazus Général
29%
Gallus Ni l'un ni l'autre
14%
Zéphyron Ni l'un ni l'autre
14%
Aucun quiz correspondant
Distribution des résultats
% des personnes avec chaque résultat
Percentile par nombre de réponses
Votre historique - résultats
Vous n’avez pas pris ce quiz depuis la dernière actualisation